Mikhaïl Ossorguine, Dans une bourgade paisible de France, translated from Russian by Claire Delaunay. Presented and annotated by Leonid Livak. Verdier, “Poustiaki”, 2025, 288 pages, €22. (notice n° 1506842)

détails MARC
000 -LEADER
fixed length control field 00595cam a2200145 4500500
005 - DATE AND TIME OF LATEST TRANSACTION
control field 20250921003727.0
041 ## - LANGUAGE CODE
Language code of text/sound track or separate title fre
042 ## - AUTHENTICATION CODE
Authentication code dc
100 10 - MAIN ENTRY--PERSONAL NAME
Personal name Malcor, Marc
Relator term author
245 00 - TITLE STATEMENT
Title Mikhaïl Ossorguine, Dans une bourgade paisible de France, translated from Russian by Claire Delaunay. Presented and annotated by Leonid Livak. Verdier, “Poustiaki”, 2025, 288 pages, €22.
260 ## - PUBLICATION, DISTRIBUTION, ETC.
Date of publication, distribution, etc. 2025.<br/>
500 ## - GENERAL NOTE
General note 74
786 0# - DATA SOURCE ENTRY
Note Études | Jui | 6 | 2025-05-21 | p. 121-121 | 0014-1941
856 41 - ELECTRONIC LOCATION AND ACCESS
Uniform Resource Identifier <a href="https://shs.cairn.info/journal-etudes-2025-6-page-121?lang=en&redirect-ssocas=7080">https://shs.cairn.info/journal-etudes-2025-6-page-121?lang=en&redirect-ssocas=7080</a>

Pas d'exemplaire disponible.

PLUDOC

PLUDOC est la plateforme unique et centralisée de gestion des bibliothèques physiques et numériques de Guinée administré par le CEDUST. Elle est la plus grande base de données de ressources documentaires pour les Étudiants, Enseignants chercheurs et Chercheurs de Guinée.

Adresse

627 919 101/664 919 101

25 boulevard du commerce
Kaloum, Conakry, Guinée

Réseaux sociaux

Powered by Netsen Group @ 2025